Hiszpański - czasowniki percepcji, posiadania, ruchowe - Statystyki

Ogólne statystyki
  • Ten quiz został rozwiązany 9 razy
  • Średni wynik to 38 z 54
Statystyki odpowiedzi
Hint Odpowiedź % Poprawnych
przybliżyć acercar
100%
towarzyszyć acompańar
100%
nabywać, kupować adquirir
100%
spacerować andar
100%
pojawiać się, pokazać się, zjawić się aparecer
100%
jechać do przodu avanzar
100%
spacerować, chodzić caminar
100%
krzyczeć chillar
100%
chwytać coger
100%
dzielić się compartir
100%
kupować comprar
100%
biegać, biegnąć correr
100%
przechodzić, przejeżdżać, przecinać, przepływać cruzar
100%
wchodzić entrar
100%
uciekać escapar
100%
słuchać escuchar
100%
uciekać huir
100%
włączyć światło iluminar
100%
patrzeć, oglądać, spoglądać mirar
100%
obserwować, oglądać observar
100%
słyszeć, słuchać oir
100%
wąchać oler
100%
smakować (jedzenie), próbować probar
100%
zwiedzać, przechodzić, przemierzać recorrer
100%
wychodzić salir
100%
podążać seguir
100%
czuć sentir
100%
brzmieć sonar
100%
rzucać tirar
100%
dotykać tocar
100%
widzieć, obserwować, oglądać ver
100%
wracać volver
100%
odkładać alejar
50%
łapać atrapar
50%
zbierać concentrar
50%
zwracać devolver
50%
krzyczeć gritar
50%
chować, trzymać, odkładać guardar
50%
przejrzeć hojear
50%
rzucać lanzar
50%
dotrzeć, przybywać, przyjeżdżać llegar
50%
gonić, ścigać perseguir
50%
zbierać recoger
50%
rozprowadzać, rozdawać repartir
50%
chwytać agarrar
0%
przechodzić atravesar
0%
opuszczać, wychodzić marchar
0%
opuścić (odejść), wyjeżdżać partir
0%
spacerować, chodzić, wyprowadzać pasear
0%
nadepnąć, stawiać kroki pisar
0%
usuwać, zabierać, brać na wynos quitar
0%
wrócić regresar
0%
zabrać retirar
0%
gromadzić, zbierać reunir
0%
Nie znaleziono quizów pasujących do podanych kryteriów
Rozkład punktacji
Procent ludzi z każdym wynikiem
Percentyl według liczby udzielonych odpowiedzi
Twoja historia wyników
Nie rozwiązałeś tego quizu